000 00310nam a2200145Ia 4500
100 _aBritton /J.K
942 _cBK
654 _amaths
245 _aUniversity Mathematics .II
260 _bW.H Freeman & Co
_aSan Francisco
_c1975
082 _a510
_bBRI
300 _a644
546 _aENGLISH
999 _c27335
_d27335